| 000 | ncm a22 a 4500 | ||
|---|---|---|---|
| 999 |
_c354005 _d354005 |
||
| 003 | BLK | ||
| 005 | 20201007040719.0 | ||
| 008 | 200413b bu ||||| |||| 00| 0 bu d | ||
| 040 | _aBLK | ||
| 041 |
_aRUS _cRUS |
||
| 080 |
_aКамерна вок. муз. Песни, балади, арии, романси _b784.3 _z784.3 |
||
| 100 |
_aСкот, Франсис Джордж _eпърви автор _91299 |
||
| 139 |
_aСкот, Франсис Джордж _bС 40 |
||
| 245 |
_aИз шотландской лирики _bПесни для сред. голоса в сопровожд. ф.-п. _cПерев. С. Болотина и Т. Сикорской |
||
| 257 | _aRUS | ||
| 260 |
_9402764 _aМосква _bМузыка _c1969 |
||
| 300 |
_a32 с. _c29 см |
||
| 380 | _a7 | ||
| 501 | _aСъдържа: На слова Р. Бернса Как розы цвет, любовь моя Среди дерев Скроггам Портной Летят ветра во все края Моя жена вертушка Когда б я на Парнасе жил... Две кумушки Слова У. Данбара Филлис Слова У. Драммонда Я помню счастье прежних дней... Слова неизвестного авт. | ||
| 650 | 7 |
_9166108 _aПесни |
|
| 653 | 7 |
_9193581 _aпесни |
|
| 653 | 7 |
_9200868 _aШотландия |
|
| 852 |
_aЦб М ІІ 5608 _bИП |
||
| 942 |
_cNOT _n0 _s1 |
||
| 944 |
_c2020-04-13 _kВалентина Караджова |
||
| 999 | _d354005 | ||
| 999 | _d354005 | ||